Versos de bakelita /
Guardado en:
| Autor Principal: | |
|---|---|
| Formato: | Libro |
| Idioma: | Undetermined |
| Publicado: |
Buenos Aires :
Sudamericana,
1996.
|
| Series: | El ombligo
|
| Materias: | |
| Etiquetas: |
Agregar Etiqueta
Sin Etiquetas, Sea el primero en etiquetar este registro!
|
| LEADER | 01168nam a22001935a 4500 | ||
|---|---|---|---|
| 001 | CEM.cems024363 | ||
| 008 | 241112s1996####ag############000#0#und#d | ||
| 005 | 20241112161516.0 | ||
| 245 | 1 | 0 | |a Versos de bakelita / |c Beatriz Ferro ; ilustraciones Beatriz Ferro. |
| 260 | |a Buenos Aires : |b Sudamericana, |c 1996. | ||
| 300 | |a 63 p. | ||
| 490 | 1 | |a El ombligo | |
| 505 | 0 | |a Sobre la bakelita -- Libélula -- Gato -- Función de gala -- Mi jardín hizo lo que quiso -- Jota de jíbaro -- Lluvia -- Pantalla -- Unas líneas por causa de tu honoris -- Sillas de museo -- Bolso de vacaciones -- Escarabajito -- Barrio en la tarde -- Hoja de otoño -- Nave ideal -- Plaza -- Mosca -- Ropa desplanchada con olor a sol -- Encuentro -- Cosmos -- Caramba -- Flor de a una -- El que se cayó del caballo -- Parque Chas -- Aquí se cuenta la historia -- Homanaje a Mandú, el mono -- La señorita que da la hora por teléfono -- Procesión -- Durante todo el camino -- | |
| 020 | |a 9500711702 | ||
| 100 | 1 | |a Ferro, Beatriz. | |
| 653 | |a Poesía infantil | ||
| 653 | |a Literatura infantil | ||
| 653 | |a Literatura argentina | ||
| 859 | |a CEMS |b BIB. CEMS - Inicial y Primaria |h A861.4 |i F417 |k IP |p 3211 |t Ej.1 | ||
